[Event "1st ch-SCG"]
[Site "Kopaonik SCG"]
[Date "2005.04.13"]
[Round "11"]
[White "Pikula,D"]
[Black "Djukic,Ni"]
[Result "0-1"]
[WhiteElo "2485"]
[BlackElo "2509"]

1.e4 c5 2.Nf3 Nc6 3.d4 cxd4 4.Nxd4 Nf6 5.Nc3 d6 6.Bg5 e6 7.Qd2 a6 8.O-O-O Bd7
9.f3 h6 10.Be3 b5 11.Nxc6 Bxc6 12.Ne2 Bb7 13.Kb1 Qc7 14.h4 Be7 15.g4 d5 16.e5 Nxg4
17.Nd4 Nxe5 18.Bf4 Bd6 19.Qg2 Rg8 20.Bxh6 Nc6 21.Nxc6 Qxc6 22.h5 g5 23.hxg6 Rxg6
24.Qd2 O-O-O 25.Bd3 Rgg8 26.Bg5 Rd7 27.Bf6 Be7 28.Bd4 Qc7 29.Qe2 Bc6 30.Rh7 Bd6
31.Bf6 Kb7 32.a4 Qa5 33.Rh4 bxa4 34.Bc3 Qb6 35.Bd4 Bc5 36.Bxc5 Qxc5 37.Qe5 Ka7
38.Rdh1 Rb7 39.Rh8 Rxh8 40.Rxh8 Qb4 41.Rd8 a5 42.Qh8 Rb8 43.Rxb8 Qxb8 44.Qd4+ Qb6
45.Qg7 Bb7 46.Ka2 f5 47.f4 d4 48.Qd7 Qc5 49.Qxa4 Bc6 50.Qa3 Bd5+ 51.b3 Kb6  0-1

[Event "ch-RUS u18"]
[Site "Nojabrsk RUS"]
[Date "2005.04.13"]
[Round "8"]
[White "Moskalenko,A"]
[Black "Askarov,M"]
[Result "1/2-1/2"]
[WhiteElo "2355"]
[BlackElo "2455"]

1.e4 c5 2.Nf3 d6 3.d4 cxd4 4.Nxd4 Nf6 5.Nc3 Nc6 6.Bg5 Qb6 7.Nb3 e6 8.Qd2 a6
9.f3 Qc7 10.O-O-O b6 11.g4 Bb7 12.Be3 Be7 13.h4 Nd7 14.Qf2 b5 15.g5 Nce5
16.h5 Rc8 17.a3 Nc5 18.Nxc5 dxc5 19.Nb1 b4 20.Be2 bxa3 21.Nxa3 c4 22.Nb1 Qa5
23.Bd2 Qa4 24.Qd4 f6 25.h6 g6 26.f4 Bc5 27.Qc3 Bxe4 28.Na3 Nc6 29.Be3 Bxa3
30.bxa3 Bxh1 31.gxf6 Bd5 32.f7+ Kd7 33.Rxd5+ exd5 34.Bg4+  1/2-1/2

[Event "Extraliga CZE 2004-5"]
[Site "Czech Rep CZE"]
[Date "2005.04.16"]
[Round "10"]
[White "Chytilek,R"]
[Black "Hausner,I"]
[Result "1/2-1/2"]
[WhiteElo "2418"]
[BlackElo "2415"]

1.e4 c5 2.Nf3 d6 3.d4 cxd4 4.Nxd4 Nf6 5.Nc3 Nc6 6.Bg5 Bd7 7.Be2 a6 8.O-O e6
9.Kh1 Be7 10.f4 h6 11.Bh4 g5 12.fxg5 hxg5 13.Nxc6 Bxc6 14.Bxg5 Qa5 15.Bd2 Qc5
16.Qe1 Nxe4 17.Nxe4 Bxe4 18.Bf3 Qe5 19.h3 Bxf3 20.Rxf3 Qxe1+ 21.Rxe1 Rc8
22.c3 e5 23.b3 b5 24.Re4 f5  1/2-1/2

[Event "Extraliga CZE 2004-5"]
[Site "Czech Rep CZE"]
[Date "2005.04.16"]
[Round "10"]
[White "Firt,S"]
[Black "Likavsky,T"]
[Result "1-0"]
[WhiteElo "2349"]
[BlackElo "2459"]

1.e4 c5 2.Nf3 d6 3.d4 cxd4 4.Nxd4 Nf6 5.Nc3 Nc6 6.Bg5 e6 7.Qd2 a6 8.O-O-O Bd7
9.f4 Be7 10.Nf3 b5 11.Bxf6 gxf6 12.f5 Qb6 13.g3 O-O-O 14.Kb1 Kb8 15.fxe6 fxe6
16.Bh3 Bc8 17.Qe1 h5 18.Ne2 Ne5 19.Nfd4 d5 20.exd5 Rxd5 21.c3 Nc4 22.Bg2 Rd6
23.Nf4 Ne5 24.Qe4 Qa7 25.Nb3 h4 26.Rxd6 Bxd6 27.Rd1 f5 28.Qe1 Bc7 29.gxh4 Nc4
30.Nd4 Qb6 31.Nfxe6 Re8 32.Nc6+ Qxc6 33.Bxc6 Rxe6 34.Qh1 Ne3 35.Bd7 Nxd1
36.Bxe6 Nxc3+ 37.bxc3 Bxe6 38.h5 Bc4 39.Qf3 f4 40.h6 Be5 41.h7 Kc7 42.Qe4 Kd6
43.Qxe5+ Kxe5 44.h8=Q+ Ke4 45.Qd4+ Kf3 46.a4  1-0

[Event "ch-RSA"]
[Site "Johannesburg RSA"]
[Date "2005.04.16"]
[Round "10"]
[White "Cawdery,D"]
[Black "Van den Heever,D"]
[Result "1/2-1/2"]
[WhiteElo "2182"]
[BlackElo "2099"]

1.e4 c5 2.Nf3 d6 3.d4 cxd4 4.Nxd4 Nf6 5.Nc3 Nc6 6.Bg5 e6 7.Qd2 Be7 8.O-O-O O-O
9.f4 Nxd4 10.Qxd4 Qa5 11.Bc4 Bd7 12.e5 dxe5 13.fxe5 Bc6 14.Bd2 Nd7 15.Nd5 Qc5
16.Nxe7+ Qxe7 17.Rhe1 Rfd8 18.Qg4 Nf8 19.Bd3 Rxd3 20.cxd3 Qd7 21.Bb4 Ng6
22.Bd6 f5 23.Qe2  1/2-1/2

[Event "Open"]
[Site "Metz FRA"]
[Date "2005.04.16"]
[Round "1"]
[White "Cheparinov,I"]
[Black "Alexander,Ch"]
[Result "1-0"]
[WhiteElo "2621"]
[BlackElo "1977"]

1.e4 c5 2.Nf3 d6 3.d4 cxd4 4.Nxd4 Nc6 5.Nc3 Nf6 6.Bg5 e6 7.Qd2 a6 8.O-O-O Be7
9.f4 O-O 10.e5 dxe5 11.Nxc6 Qxd2+ 12.Rxd2 bxc6 13.fxe5 Nd5 14.Bxe7 Nxe7 15.Bd3 a5
16.Na4 Ba6 17.c4 Ng6 18.Bxg6 hxg6 19.b3 Rab8 20.Nc5 Bc8 21.Re1 Re8 22.Rd6 Rb6
23.Kb2 Kf8 24.Ka3 Ke7 25.Ka4 f6 26.Kxa5 Rb8 27.Rxc6 Ra8+ 28.Kb4 Rxa2 29.Rc7+ Kf8
30.exf6 gxf6 31.Ne4 Rxg2 32.Nxf6 Rf2 33.Nxe8  1-0

[Event "TCh-HUN w"]
[Site "Budapest HUN"]
[Date "2005.04.21"]
[Round "3"]
[White "Medvegy,N"]
[Black "Grabics,M"]
[Result "1-0"]
[WhiteElo "2388"]
[BlackElo "2326"]

1.e4 c5 2.Nf3 Nc6 3.d4 cxd4 4.Nxd4 Nf6 5.Nc3 d6 6.Bg5 e6 7.Qd2 h6 8.Bxf6 gxf6
9.O-O-O a6 10.f4 Bd7 11.Kb1 Qb6 12.Nb3 O-O-O 13.Be2 h5 14.Rhf1 Be7 15.Bf3 h4
16.Bg4 Kb8 17.Qe2 Rhg8 18.Bh3 Ka8 19.f5 Rg5 20.Rf4 Qc7 21.Rxh4 b5 22.Rh7 Rf8
23.a4 bxa4 24.Nxa4 Na7 25.Nc3 Nb5 26.Rd3 Qc4 27.Qe1 e5 28.Nd5 Bd8 29.g3 Bc6
30.Bf1 Qa4 31.Nd2 Ba5 32.Qe3 Bxd5 33.Rxd5 Bxd2 34.Rxd2 Nd4 35.Qc3 Rb8 36.Bc4 Rc8
37.b3 Qa3 38.Rxf7 Kb8 39.Rxd4 exd4 40.Qxd4 Qc5 41.Qxc5 Rxc5 42.Rxf6 Re5 43.Bd5 Kc7
44.Rf7+ Kd8 45.f6 Ke8 46.Ra7 Kf8 47.Rxa6 Rh5 48.h4 Rh6 49.f7 Kg7 50.Ra8 Rf6
51.Rg8+  1-0

[Event "2nd Open"]
[Site "Porto Carras GRE"]
[Date "2005.04.22"]
[Round "1"]
[White "Korneev,O"]
[Black "Katzourakis,P"]
[Result "1-0"]
[WhiteElo "2611"]
[BlackElo "2079"]

1.e4 c5 2.Nf3 d6 3.d4 cxd4 4.Nxd4 Nf6 5.Nc3 Nc6 6.Bg5 e6 7.Qd2 a6 8.O-O-O h6
9.Be3 Be7 10.f3 Nxd4 11.Bxd4 b5 12.Kb1 b4 13.Na4 Rb8 14.Ba7 Rb7 15.Be3 Bd7
16.b3 Bxa4 17.bxa4 Qa5 18.Qd3 b3 19.cxb3 Qxa4 20.Bd4 O-O 21.Bb2 Qb4 22.Qxa6 d5
23.Be2 Rb6 24.Rd4 Qd6 25.Qa5 Rfb8 26.Ra4 Nd7 27.Ba3 Qe5 28.Bxe7 Rxb3+ 29.axb3 Rxb3+
30.Kc2 Qb2+ 31.Kd1 Qb1+ 32.Kd2 Qb2+ 33.Ke1 Qc1+ 34.Kf2 Qe3+ 35.Kg3 g5 36.Rd1 Qxe2
37.Qd8+ Kg7 38.Ra8  1-0

[Event "2nd Open"]
[Site "Porto Carras GRE"]
[Date "2005.04.26"]
[Round "7"]
[White "Bernard,Ja"]
[Black "Katzourakis,P"]
[Result "1-0"]
[WhiteElo "2259"]
[BlackElo "2079"]

1.e4 c5 2.Nf3 d6 3.d4 cxd4 4.Nxd4 Nf6 5.Nc3 Nc6 6.Bg5 e6 7.Qd2 a6 8.O-O-O h6
9.Be3 Be7 10.f3 Nxd4 11.Qxd4 b5 12.g4 Rb8 13.Kb1 Bd7 14.h4 b4 15.Ne2 a5 16.Ng3 Rc8
17.Ba6 Ra8 18.Be2 Qc7 19.g5 Rc8 20.Bd3 e5 21.Qb6 Ng8 22.Qxc7 Rxc7 23.gxh6 Nxh6
24.Bb6 Rb7 25.Bxa5 O-O 26.c3 bxc3 27.Bxc3 Be6 28.a3 Rfb8 29.Rh2 Rc7 30.Rc1 Rbc8
31.Bd2 Bb3 32.Rxc7 Rxc7 33.Bc3 Kh7 34.Nf1 Bd1 35.Nd2 Ng8 36.Bc2 Bxc2+ 37.Kxc2 Nf6
38.Kd3 Nh5 39.Nf1 Nf4+ 40.Kd2 Rc6 41.Ne3 Bd8 42.Rh1 Bb6 43.a4 g6 44.a5 Ba7
45.Rc1 Kh6 46.b4 f5 47.b5 Rc8 48.b6 Bb8 49.a6 d5 50.a7 Bxa7 51.bxa7 Ra8 52.Bxe5  1-0

[Event "7th Rector Cup"]
[Site "Kharkiv UKR"]
[Date "2005.04.27"]
[Round "8"]
[White "Arzumanian,G"]
[Black "Zubarev,Al1"]
[Result "1-0"]
[WhiteElo "2456"]
[BlackElo "2514"]

1.e4 c5 2.Nf3 Nc6 3.d4 cxd4 4.Nxd4 Nf6 5.Nc3 d6 6.Bg5 e6 7.Qd2 a6 8.O-O-O Bd7
9.f4 h6 10.Bh4 g5 11.fxg5 Ng4 12.Be2 Nge5 13.Nf3 Be7 14.Rhg1 b5 15.Rdf1 Rb8
16.Kb1 b4 17.Nd1 a5 18.b3 a4 19.Nb2 a3 20.Nc4 Nxc4 21.Bxc4 hxg5 22.Bxg5 Ne5
23.Nxe5 dxe5 24.Qf2 Rh7 25.Be3 Qc7 26.Qg3 Bf8 27.Bg5 Bg7 28.h4 Bc6 29.Qg4 Bd7
30.Rd1 Rb6 31.Rgf1 Rd6 32.Rxd6 Qxd6 33.Rd1 Qc5 34.Qe2 Bh6 35.Bxh6 Rxh6 36.Qd2 Qd4
37.Qc1 Qb2+ 38.Qxb2 axb2 39.g3 Bc6 40.Re1 Rf6 41.Re3 Rf2 42.Kxb2 Ke7 43.Bd3 Kd6
44.Re2 Rf3 45.h5 Rxg3 46.Rh2 Rg7 47.c3 bxc3+ 48.Kxc3 f5 49.h6 Rh7 50.exf5 e4
51.Bc4 exf5 52.Bg8 Rh8 53.h7 Ke5 54.Rh6 Bd7 55.a4 f4 56.Rh5+ Bf5 57.a5 f3
58.a6 f2 59.Bc4 e3 60.a7 Kf6 61.a8=Q Rxa8 62.h8=Q+ Rxh8 63.Rxh8 Kg7 64.Re8  1-0

[Event "TCh-RUS w"]
[Site "Sochi RUS"]
[Date "2005.04.27"]
[Round "9"]
[White "Melnikova,Y"]
[Black "Galliamova,A"]
[Result "1-0"]
[WhiteElo "2301"]
[BlackElo "2469"]

1.e4 c5 2.Nf3 Nc6 3.d4 cxd4 4.Nxd4 Nf6 5.Nc3 d6 6.Bg5 e6 7.Qd2 a6 8.O-O-O Be7
9.f4 Nxd4 10.Qxd4 b5 11.Bxf6 gxf6 12.Bd3 Qc7 13.Qe3 Bb7 14.f5 Qc5 15.Qh3 Qe5
16.Rhe1 O-O-O 17.Kb1 Kb8 18.g3 Rde8 19.Ne2 Bd8 20.Qh4 h5 21.Rf1 Reg8 22.Rf4 Rg5
23.Qh3 Bb6 24.Rdf1 Rh6 25.Rh4 Be3 26.Nf4 Bc8 27.Nxh5 b4 28.Nf4 Rxh4 29.gxh4 Bxf4
30.hxg5 fxg5 31.Qf3 Bxh2 32.Qf2 Kb7 33.Rh1 Bf4 34.Rh7 Qf6 35.Qe2 Kb6 36.Qf2+ Kb7
37.Qe1 a5 38.a3 bxa3 39.e5 Bxe5 40.Qxa5 Bd4 41.Ba6+ Kb8 42.Qb5+ Kc7 43.Qe8 Bd7
44.Rxf7 Qd8 45.Qxe6 a2+ 46.Kxa2 Be5 47.Qd5 Qb8 48.Qb5  1-0

[Event "62nd ch-POL"]
[Site "Poznan POL"]
[Date "2005.04.29"]
[Round "8"]
[White "Szelag,M"]
[Black "Czarnota,P"]
[Result "1-0"]
[WhiteElo "2497"]
[BlackElo "2478"]

1.e4 c5 2.Nf3 Nc6 3.d4 cxd4 4.Nxd4 Nf6 5.Nc3 d6 6.Bg5 Bd7 7.Nb3 e6 8.Nb5 Qb8
9.Bxf6 gxf6 10.Qh5 a6 11.Nc3 Qa7 12.Bd3 Nd4 13.O-O Nxb3 14.axb3 Qc5 15.Qe2 h5
16.Kh1 Rc8 17.f4 Be7 18.Rf3 h4 19.h3 Bc6 20.f5 Kd7 21.Re1 Rce8 22.Nd1 Bd8
23.Ne3 Rh5 24.Rf4 Rg5 25.fxe6+ fxe6 26.Ng4 Kc8 27.Nxf6 Qe5 28.Qf2 Rf8 29.Rf1 Rxf6
30.Rxf6 d5 31.Rf8 dxe4 32.Qb6 Qc7 33.Qxc7+ Kxc7 34.Be2 Be7 35.R8f7 Kd6 36.c4 Kd7
37.Rd1+ Ke8 38.Rh7 Rf5 39.Rf1 Rxf1+ 40.Bxf1 e3 41.Be2 Be4 42.Rh6 Bf5 43.Kg1 Kf7
44.Rh8 b6 45.Rb8 Bc5 46.b4 Bxb4 47.Rxb6 a5 48.Kf1 Ke7 49.Ra6 Kd7 50.c5 Bxc5
51.Rxa5 Kc6 52.Ra4 Be7 53.b3 Bf6 54.Rc4+ Kb6 55.Rc8 Be7 56.Bc4 Bd6 57.Ke2 Be4
58.Rg8 Bg3 59.Bxe6 Bxg2 60.Kxe3 Bc6 61.Kd3 Bb5+ 62.Kc2 Kc5 63.Rg5+ Kb4 64.Kb2 Bf2
65.Rg4+ Kc5 66.b4+ Kd6 67.Bc8 Kc7 68.Bf5 Bg3 69.Rg6 Kb7 70.Kb3 Kc7 71.Rh6 Kb7
72.Be6 Kc7 73.Bc4 Bd7 74.Bf1 Bc6 75.b5 Be4 76.Be2 Bg2 77.Bg4 Bf2 78.Ka4 Bb7
79.Rf6 Be3 80.Bf3 Bc8 81.Rc6+ Kb8 82.Bg2 Bd7 83.Rc4 Bf2 84.Rf4 Be1 85.Rf7 Kc8
86.Bc6 Bxh3 87.b6 Kd8 88.Rf8+ Ke7 89.Re8+ Kd6 90.b7  1-0

[Event "TCh-RUS w"]
[Site "Sochi RUS"]
[Date "2005.04.29"]
[Round "11"]
[White "Korbut,E"]
[Black "Kosintseva,T"]
[Result "1-0"]
[WhiteElo "2399"]
[BlackElo "2486"]

1.e4 c5 2.Nf3 d6 3.d4 cxd4 4.Nxd4 Nf6 5.Nc3 Nc6 6.Bg5 e6 7.Qd2 a6 8.O-O-O Bd7
9.f3 Be7 10.g4 h5 11.gxh5 Nxh5 12.Be3 b5 13.Rg1 Rc8 14.Nxc6 Bxc6 15.Ne2 Qc7
16.Nd4 Bd7 17.f4 g6 18.Bd3 e5 19.Ne2 Nf6 20.Nc3 b4 21.Nd5 Nxd5 22.exd5 Qa5
23.Kb1 Qxd5 24.Qxb4 a5 25.Qe1 Qc6 26.fxe5 dxe5 27.Bg5 Qc5 28.Be3 Qc7 29.Rxg6 fxg6
30.Bxg6+ Kd8 31.Bf5 Bh4 32.Qg1  1-0

[Event "62nd ch-POL"]
[Site "Poznan POL"]
[Date "2005.04.30"]
[Round "9"]
[White "Czarnota,P"]
[Black "Moranda,W"]
[Result "1/2-1/2"]
[WhiteElo "2478"]
[BlackElo "2452"]

1.e4 c5 2.Nf3 d6 3.d4 cxd4 4.Nxd4 Nf6 5.Nc3 Nc6 6.Bg5 e6 7.Qd2 a6 8.O-O-O h6
9.Be3 Be7 10.f3 Nxd4 11.Bxd4 b5 12.Kb1 Bb7 13.Qf2 Qc7 14.a3 Bc6 15.g4 Qb7
16.h4 a5 17.Na2 b4 18.axb4 axb4 19.b3 e5 20.Bb2 Ra5 21.Rg1 d5 22.g5 hxg5
23.hxg5 Nd7 24.Rg3 Bc5 25.Qd2 d4 26.Rh3 Rf8 27.Qh2 Ke7 28.Rh8 Rxa2 29.Rxf8 Rxb2+
30.Kxb2 Nxf8 31.Qxe5+ Ne6 32.Bc4 Qc7 33.Qf5 Bd7 34.e5 Nd8 35.Qe4 Qc6 36.Qh4 g6
37.Qh8 Bf5  1/2-1/2

[Event "10th Cvitanovic Mem"]
[Site "Split CRO"]
[Date "2005.04.30"]
[Round "1"]
[White "Saric,Iv"]
[Black "Videki,S"]
[Result "1/2-1/2"]
[WhiteElo "2287"]
[BlackElo "2405"]

1.e4 c5 2.Nf3 Nc6 3.d4 cxd4 4.Nxd4 Nf6 5.Nc3 d6 6.Bg5 Bd7 7.Nb3 e6 8.f4 a6
9.Qd3 h6 10.Bh4 g5 11.fxg5 Ng4 12.Qd2 Nge5 13.Be2 Be7 14.Bf2 hxg5 15.O-O-O b5
16.Kb1 Rb8 17.Qe3 Qc7 18.a3 Nc4 19.Qg3 N6e5 20.h4 gxh4 21.Qg7 Ng6 22.Rdf1 Nce5
23.Bd4 Bf8 24.Qf6 Rh7 25.g3 Bc6 26.gxh4 Be7 27.Qf2 Bxh4 28.Qg2 Qe7 29.Bf2 Kd7
30.Rd1 Kc7 31.Nd4 Bd7 32.Nf5 Qf6 33.Rxd6 Bc6 34.Rhd1 Qg5 35.Qh2 exf5 36.Ba7 Re8
37.exf5 Nf4 38.Be3 Qg2 39.Bxf4 Qxh2 40.Bxh2 Bf2 41.Bxe5 Rxe5 42.R6d2 Bb6
43.Bf1 Rh4 44.Bg2 Rh2 45.Bxc6 Rxd2 46.Rxd2 Kxc6 47.f6 Re6 48.Nd5 Bc5 49.b4 Bd6
50.Ka2 Be5 51.Ne7+ Kc7 52.Nd5+ Kb7 53.Kb3 Kc6 54.Ne7+ Kc7 55.Nd5+ Kc6 56.Ne7+ Kc7
57.Nd5+  1/2-1/2

[Event "Open A"]
[Site "Djakovo CRO"]
[Date "2005.05.01"]
[Round "1"]
[White "Zelcic,R"]
[Black "Kutuzovic,B"]
[Result "1-0"]
[WhiteElo "2514"]
[BlackElo "2364"]

1.e4 c5 2.Nf3 d6 3.d4 cxd4 4.Nxd4 Nf6 5.Nc3 Nc6 6.Bg5 e6 7.Qd2 a6 8.O-O-O Bd7
9.f4 Be7 10.Nf3 b5 11.Bxf6 gxf6 12.f5 Qb6 13.Kb1 O-O-O 14.g3 Kb8 15.fxe6 fxe6
16.Bh3 Bc8 17.Qe1 Rhe8 18.Ne2 Bf8 19.Nf4 Bg7 20.Qe2 Qc5 21.c3 Bh6 22.Nd4 Bxf4
23.gxf4 Nxd4 24.cxd4 Qa7 25.a3 d5 26.e5 f5 27.Qd2 Qe7 28.Rc1 Bb7 29.Rc3 Rc8
30.Rhc1 Rxc3 31.Rxc3 Rc8 32.Rb3 Ka7 33.Bf1 Rc6 34.Rg3 Rc8 35.Be2 Qc7 36.h4 Qe7
37.h5 Rc7 38.Rg5 Kb6 39.Qb4 Qxb4 40.axb4 Bc6 41.Rg8 Re7 42.Kc2 Be8 43.Kd2 Kc7
44.Ke3 Kd7 45.Kf2 Rf7 46.Kg3 Ke7 47.Kh4 Rf8 48.Rg7+ Rf7 49.h6 Rxg7 50.hxg7 Bf7
51.Kg5 Bg8 52.Bh5 Bf7 53.Bxf7 Kxf7 54.Kh6  1-0

[Event "GM"]
[Site "Ostrava CZE"]
[Date "2005.05.04"]
[Round "5"]
[White "Cernousek,L"]
[Black "Czakon,J"]
[Result "1/2-1/2"]
[WhiteElo "2352"]
[BlackElo "2447"]

1.e4 c5 2.Nf3 d6 3.d4 cxd4 4.Nxd4 Nf6 5.Nc3 Nc6 6.Bg5 e6 7.Qd2 a6 8.O-O-O Bd7
9.f4 b5 10.Nxc6 Bxc6 11.Qe3 Be7 12.Bxf6 gxf6 13.Ne2 b4 14.Nd4 Bb7 15.Kb1 Rc8
16.Be2 h5 17.h4 Qb6 18.Bf3 Qc5 19.Rd2 Bd8 20.Rhd1 Bc7 21.Qb3 Kf8 22.f5 e5
23.Ne2 a5 24.Ng3 Bc6 25.Bxh5 Rh7 26.Qf3 a4 27.Nf1 a3 28.g4 b3 29.cxb3 Ba5
30.Rh2 axb2 31.Rxb2 Bb5 32.Qe3 Qb4 33.Rc2 Rxc2 34.Kxc2 Bb6 35.a3 Bxe3 36.axb4 Bd4
37.Nd2 Ke7 38.Rc1 Rh8 39.Kd1 Ra8 40.Nf3 Bb6 41.g5 fxg5 42.hxg5 Bd3 43.f6+ Ke8
44.g6 fxg6 45.Bxg6+ Kd7 46.Bf5+ Ke8 47.Bg6+ Kd7 48.Bf5+ Ke8  1/2-1/2

[Event "Open A"]
[Site "Djakovo CRO"]
[Date "2005.05.06"]
[Round "8"]
[White "Berescu,A"]
[Black "Kozul,Z"]
[Result "0-1"]
[WhiteElo "2439"]
[BlackElo "2591"]

1.e4 c5 2.Nf3 Nc6 3.d4 cxd4 4.Nxd4 Nf6 5.Nc3 d6 6.Bg5 e6 7.Qd2 a6 8.O-O-O Bd7
9.f4 b5 10.Bxf6 gxf6 11.Kb1 Qb6 12.Nxc6 Bxc6 13.Qe1 O-O-O 14.Bd3 b4 15.Ne2 d5
16.e5 f5 17.Nd4 Bb7 18.Be2 Bc5 19.Qd2 Rhg8 20.g3 Kb8 21.Rhg1 a5 22.Qd3 Rc8
23.Rg2 Rc7 24.Nb3 Rgc8 25.Nxc5 Rxc5 26.Qd4 Ba6 27.Bxa6 Qxa6 28.b3 h5 29.Kb2 Qc6
30.Rdd2 Kb7 31.Rgf2 Qb5 32.a4 Qa6 33.Rd3 Qc6 34.Rdd2 Rc3 35.Rde2 Qc5 36.Qxc5 R8xc5
37.Rd2 Kb6 38.Rd4 Re3 39.Rfd2 Rcc3 40.R4d3 Rcxd3 41.Rxd3 Re2 42.h4 Kc5 43.Kc1 d4
44.Kd1 Rg2 45.Rf3 Kd5 46.Kc1 Ke4 47.Rd3 Rh2 48.Rd1 Rf2 49.Re1+ Kf3 50.Rg1 d3
51.cxd3 Ke3  0-1

[Event "GM"]
[Site "Ostrava CZE"]
[Date "2005.05.06"]
[Round "7"]
[White "Meszaros,Mi"]
[Black "Czakon,J"]
[Result "0-1"]
[WhiteElo "2354"]
[BlackElo "2447"]

1.e4 c5 2.Nf3 d6 3.d4 cxd4 4.Nxd4 Nf6 5.Nc3 Nc6 6.Bg5 e6 7.Qd2 a6 8.O-O-O Bd7
9.f3 Be7 10.h4 h6 11.Be3 b5 12.Nxc6 Bxc6 13.g4 Nd7 14.Ne2 Rc8 15.Nf4 Ne5
16.Qf2 Qc7 17.Rd2 b4 18.Bd4 a5 19.Nh5 g6 20.f4 gxh5 21.fxe5 dxe5 22.Bb6 Qb7
23.gxh5 Rb8 24.Ba7 Ra8 25.Bb6 b3 26.cxb3 a4 27.Bc4 axb3 28.Bxb3 Bxe4 29.Rf1 f5
30.a3 Ra6 31.Qg3 f4 32.Qg7 Rf8 33.Bc2 Rxb6 34.Ba4+ Bc6 35.Qg6+ Rf7 36.Qg8+ Bf8
37.Bc2 e4 38.Qg6 Ke7 39.b4 Qa6 40.Rdf2 Qxa3+  0-1

[Event "ch-FRA Top 16 Poule Basse"]
[Site "Port Barcares FRA"]
[Date "2005.05.06"]
[Round "10"]
[White "Hommeles,T"]
[Black "Berthelot,Y"]
[Result "1-0"]
[WhiteElo "2384"]
[BlackElo "2322"]

1.e4 c5 2.Nf3 Nc6 3.d4 cxd4 4.Nxd4 Nf6 5.Nc3 d6 6.Bg5 Bd7 7.Be2 Qa5 8.Bxf6 gxf6
9.O-O Nxd4 10.Qxd4 Rg8 11.Nd5 Rc8 12.c3 f5 13.b4 Qa3 14.exf5 Bxf5 15.Rfe1 Be6
16.Bf3 Qa6 17.Qh4 Rg7 18.Re3 Qc4 19.Qh5 Kd8 20.Rae1 h6 21.h4 b6 22.a4 Bxd5
23.Bxd5 Qg4 24.Qxg4 Rxg4 25.Bxf7 Rxh4 26.g3 Rhc4 27.Bxc4 Rxc4 28.Kf1 Rc7
29.Ke2 Bg7 30.Kd2 Bf6 31.Rh1 Kd7 32.f4 Rc4 33.Kc2 d5 34.Rxh6 a5 35.bxa5 Rxa4
36.axb6 Ra6 37.g4 Ra2+ 38.Kb3 Rf2 39.g5  1-0

[Event "IM"]
[Site "Ostrava CZE"]
[Date "2005.05.07"]
[Round "8"]
[White "Priborsky,J"]
[Black "Michenka,J"]
[Result "0-1"]
[WhiteElo "2320"]
[BlackElo "2348"]

1.e4 c5 2.Nf3 d6 3.d4 cxd4 4.Nxd4 Nf6 5.Nc3 Nc6 6.Bg5 e6 7.Qd2 a6 8.O-O-O h6
9.Be3 Be7 10.f3 Qc7 11.g4 b5 12.h4 Bb7 13.Rg1 b4 14.Nb1 Nd7 15.g5 hxg5 16.Bxg5 Nf6
17.Bc4 Nxd4 18.Qxd4 Qc5 19.Qxc5 dxc5 20.Nd2 Bc6 21.Bf1 Bb5 22.Nb3 Nd7 23.c4 bxc3
24.bxc3 c4 25.Na5 Bc5 26.Rg2 f6 27.Bf4 Rxh4 28.Bg3 Be3+ 29.Kb2 Rh1 30.Re1 Bh6
31.Bxc4 Rxe1 32.Bxe1 Ne5 33.Be2 Bxe2 34.Rxe2 Rb8+ 35.Kc2 Nxf3 36.Bg3 Ra8
37.Kd3 Rd8+ 38.Kc4 Rc8+ 39.Kb4 e5 40.Nc4 Rc6 41.a4 g6 42.Na5 Bf8+ 43.Kb3 Rb6+
44.Kc4 Ng5 45.Bh4 Ne6 46.Rd2 Be7 47.Bf2 Rb8 48.Rd1 Rc8+ 49.Kb3 Bc5 50.Bh4 g5
51.Be1 g4 52.Nc4 Ke7 53.a5 Nf4 54.Bh4 Nh3 55.Bg3 Ke6 56.Rd5 Ng5 57.Nb6 Bxb6
58.axb6 Nxe4 59.Ra5 Rb8 60.Kc4 Rxb6 61.Be1 Rc6+ 62.Kd3 f5 63.c4 Ng5 64.Ke2 Nf3
65.Ra3 Nd4+ 66.Kd3 Nf3 67.Bf2 f4 68.Ra5 g3 69.Ba7 g2 70.Ke4 Ng5+ 71.Kd3 Kf5  0-1

[Event "62nd ch-GEO w"]
[Site "Tblisi GEO"]
[Date "2005.05.07"]
[Round "3"]
[White "Tsereteli,T"]
[Black "Lomineishvili,M"]
[Result "1/2-1/2"]
[WhiteElo "2273"]
[BlackElo "2396"]

1.e4 c5 2.Nf3 d6 3.d4 cxd4 4.Nxd4 Nf6 5.Nc3 Nc6 6.Bg5 e6 7.Qd2 Qb6 8.O-O-O Qxd4
9.Qxd4 Nxd4 10.Rxd4 a6 11.f3 Be7 12.Be2 d5 13.exd5 Nxd5 14.Bd2 Nf6 15.Bf4 Bd7
16.Rhd1 Bc6 17.Kb1 Rc8 18.Bd6 Bxd6 19.Rxd6 Nd5 20.Nxd5 Bxd5 21.Rb6 Ke7 22.Rxd5 exd5
23.Rxb7+ Kd6 24.Bxa6 Rhe8 25.b3 Rc7 26.Rb4 Re1+ 27.Kb2 Rg1 28.Rg4 f5 29.Rg3 Ke5
30.a4 Rc6 31.Bd3 Rg6 32.a5 Kd6 33.Rh3 R1xg2 34.Bxf5 Rh6 35.Rxh6+ gxh6 36.h3 Rg5
37.Bc8 Kc7 38.f4 Rg3 39.Be6 Kc6 40.b4 Kb5 41.Bxd5 Kxb4 42.a6 Rg7 43.f5 Rd7
44.Bc6 Rf7 45.f6 Kc5 46.Be4 Kb6 47.Kc3 Kxa6 48.Kd4 Rxf6 49.Ke5 Rf7 50.c4 Kb6
51.Kd6 Rf6+ 52.Ke5 Rf2 53.Bxh7 Kc5 54.Bg8 h5 55.Bd5 Rf8 56.Ke4 Kd6 57.Ke3 Rf6
58.Bf3 Rf5 59.Ke4 Rc5 60.Kd4 Rg5 61.h4 Re5 62.Be4 Ra5 63.Bf3 Rf5 64.Ke4 Ke6
65.Ke3 Ra5 66.Kf4 Kf6 67.Be4 Ra1 68.c5 Rc1 69.c6 Rc4 70.Ke3 Ke5 71.Bf3 Rxh4
72.c7 Rc4 73.Bxh5 Rxc7 74.Be2 Rc3+ 75.Bd3 Ra3 76.Kd2 Kd4 77.Bb1 Rh3 78.Kc2 Rh1
79.Kb2 Kc4 80.Ba2+ Kb4 81.Bb1 Rh2+ 82.Ka1 Kc3 83.Ba2 Kc2 84.Bb1+ Kc1 85.Ba2 Rf2
86.Bb3 Rb2 87.Ba2 Rb8 88.Bd5 Kc2 89.Be4+ Kb3 90.Bd5+ Kc3 91.Ba2 Kc2 92.Bd5 Rb1+
93.Ka2 Rb4 94.Ka1 Rd4 95.Be6 Ra4+ 96.Ba2 Kc3 97.Kb1 Rd4 98.Ka1 Kc2 99.Bb1+ Kc1
100.Ba2 Rd1 101.Bb1 Rg1 102.Ka2 Rg7 103.Ka1 Rg8 104.Ba2 Rb8 105.Bd5 Kc2 106.Be4+ Kc3
107.Bd5 Rb6 108.Ba2 Kc2 109.Bd5 Rb1+ 110.Ka2 Rb5 111.Be4+ Kc3 112.Ka1 Ra5+
113.Kb1 Re5 114.Bg6 Rb5+ 115.Ka1 Kb3 116.Bf7+ Ka3 117.Ba2 Rb2 118.Bb1  1/2-1/2

[Event "ch-FRA National 1"]
[Site "Lille FRA"]
[Date "2005.05.08"]
[Round "11"]
[White "Lepelletier,B"]
[Black "Kotronias,V"]
[Result "0-1"]
[WhiteElo "2445"]
[BlackElo "2578"]

1.e4 c5 2.Nf3 Nc6 3.d4 cxd4 4.Nxd4 Nf6 5.Nc3 d6 6.Bg5 e6 7.Qd2 a6 8.O-O-O Bd7
9.f4 b5 10.Nxc6 Bxc6 11.Qe3 h6 12.Bxf6 Qxf6 13.Nd5 Qd8 14.f5 Bxd5 15.exd5 e5
16.Kb1 Be7 17.Bd3 Bf6 18.g4 h5 19.h3 h4 20.Qe4 Qb6 21.Rh2 Ke7 22.c4 Rhc8
23.Rc2 Bg5 24.Re1 Rc5 25.Qe2 Rac8 26.cxb5 axb5 27.Rxc5 Qxc5 28.Ka1 Kf6 29.Qe4 b4
30.Bb1 b3 31.Qd3 Rb8 32.a3 Rb5 33.Re4 Qxd5 34.Qxd5 Rxd5 35.Rb4 Rd1 36.Rxb3 e4
37.Rb8 e3 38.Re8 Bf4 39.Re4 d5 40.Re8 d4  0-1

[Event "10th Open"]
[Site "Stuttgart GER"]
[Date "2005.05.08"]
[Round "7"]
[White "Meijers,V"]
[Black "Ivanov,MM"]
[Result "1-0"]
[WhiteElo "2486"]
[BlackElo "2418"]

1.e4 c5 2.Nf3 d6 3.d4 cxd4 4.Nxd4 Nf6 5.Nc3 Nc6 6.Bg5 g6 7.Bb5 Bd7 8.Bxf6 exf6
9.Qd2 a6 10.Ba4 Bg7 11.O-O-O f5 12.Bxc6 Bxc6 13.Nxc6 bxc6 14.Qxd6 Qxd6 15.Rxd6 Bxc3
16.bxc3 fxe4 17.Re1 f5 18.f3 Ke7 19.Rxc6 Rhc8 20.Rb6 Rxc3 21.fxe4 f4 22.Re2 Ra3
23.Kb2 Ra5 24.c4 Rc5 25.Kb3 Rac8 26.Rc2 a5 27.Rb7+ Ke6 28.Rxh7 Ke5 29.Rd7  1-0

[Event "62nd ch-GEO w"]
[Site "Tblisi GEO"]
[Date "2005.05.12"]
[Round "7"]
[White "Melia,S"]
[Black "Khukhashvili,S"]
[Result "1-0"]
[WhiteElo "2333"]
[BlackElo "2366"]

1.e4 c5 2.Nf3 d6 3.d4 cxd4 4.Nxd4 Nf6 5.Nc3 Nc6 6.Bg5 e6 7.Qd2 Qb6 8.Bxf6 gxf6
9.Nb3 Rg8 10.O-O-O Bd7 11.f4 O-O-O 12.Kb1 Kb8 13.Qe2 Be8 14.Qh5 h6 15.g3 a6
16.Bh3 Qc7 17.Rhf1 b5 18.Ne2 Rc8 19.Rd2 Qb7 20.Bg2 Qb6 21.Ned4 Na7 22.Qf3 a5
23.Re1 a4 24.Nc1 b4 25.Re3 Nb5 26.Nxb5 Bxb5 27.Re1 Rc5 28.f5 e5 29.Qe3 Kc7
30.Bf1 Bxf1 31.Rxf1 Rc4 32.Qe2 Qc6 33.Rd5 Be7 34.b3 Rc3 35.Nd3 Rb8 36.Nb2 axb3
37.cxb3 Rc5 38.Rxc5 dxc5 39.Rd1 Rd8 40.Rxd8 Bxd8 41.Qd3 Qd6 42.Qxd6+ Kxd6
43.Nc4+ Kc6 44.Kc2 Be7 45.Kd3 Bf8 46.Ke2 Be7 47.Ne3 Bf8 48.Kd3 Kb5 49.Ng4 Bg7
50.h3 Kb6 51.Kc4 Kc6 52.h4 h5 53.Nf2 Bh6 54.g4 hxg4 55.Nxg4 Bf8 56.h5 Bg7
57.h6 Bf8 58.h7 Bg7 59.Nf2 Bh8 60.Nd3  1-0

[Event "62nd ch-GEO w"]
[Site "Tblisi GEO"]
[Date "2005.05.12"]
[Round "7"]
[White "Tsereteli,T"]
[Black "Matnadze,A"]
[Result "1/2-1/2"]
[WhiteElo "2273"]
[BlackElo "2376"]

1.e4 c5 2.Nf3 d6 3.d4 cxd4 4.Nxd4 Nf6 5.Nc3 Nc6 6.Bg5 Bd7 7.Qd2 Rc8 8.f4 h6
9.Bh4 g5 10.fxg5 hxg5 11.Bxg5 Bg7 12.Nxc6 Bxc6 13.O-O-O Qa5 14.Kb1 Qb6 15.Be3 Nxe4
16.Bxb6 Nxd2+ 17.Rxd2 Bxc3 18.bxc3 axb6 19.h4 Be4 20.Bd3 Bxd3 21.Rxd3 Rc4
22.g3 Rh5 23.Kc1 Ra4 24.Kd2 Rf5 25.Ke3 Kf8 26.Rd4 Rxa2 27.g4 Rc5 28.Kd2 Raa5
29.Rf1 Rd5 30.Rb1 Rdb5 31.Rf1 Rd5 32.Rb1 Rxd4+ 33.cxd4 Ra3 34.c3 Ra2+ 35.Ke3 Rh2
36.h5 Rh3+ 37.Kf4 Rxc3 38.Rxb6 Rc7 39.g5 Kg7 40.Kf5 e6+ 41.Ke4 Rc1 42.Rxb7 Re1+
43.Kf4 Rf1+ 44.Kg4 Rg1+ 45.Kf4 Rf1+ 46.Kg4 Rg1+  1/2-1/2

[Event "53rd ch-HUN w"]
[Site "Szeged HUN"]
[Date "2005.05.13"]
[Round "2"]
[White "Domany,Z"]
[Black "Madl,I"]
[Result "0-1"]
[WhiteElo "2056"]
[BlackElo "2375"]

1.e4 c5 2.Nf3 d6 3.d4 Nf6 4.Nc3 cxd4 5.Nxd4 Nc6 6.Bg5 e6 7.Qd2 a6 8.O-O-O Be7
9.f4 Nxd4 10.Qxd4 b5 11.Bxf6 gxf6 12.Bd3 Qc7 13.Qe3 Qc5 14.Qg3 Kf8 15.Kb1 b4
16.Ne2 a5 17.Qh3 h5 18.Rc1 Rb8 19.Rhf1 Bd7 20.f5 e5 21.Ng3 h4 22.Ne2 Bc6
23.Ng1 a4 24.Ne2 d5 25.Qf3 Qa5 26.exd5 Qxd5 27.Qxd5 Bxd5 28.g4 Bc5 29.Ng1 Kg7
30.Ka1 Rhd8 31.Be2 Bg2 32.Rfd1 Be3 33.Rb1 e4 34.h3 Bd4 35.Bf1 Bxf1 36.Rxf1 a3
37.Rbd1 Bxb2+ 38.Kb1 Bc3 39.Ne2 Bd2 40.Rf2 Rbc8 41.Nc1 Bg5 42.Rff1 Rxd1 43.Rxd1 Rc3
44.Rh1 Rf3 45.Nb3 e3 46.Nc1 Kh6 47.Ka1 Rf2 48.Nd3 Rxc2 49.Nxb4 Rd2 50.Re1 e2  0-1